The rural trilogy : Blood wedding, Yerma, and The House of Bernarda Alba /

Bibliographic Details
Main Author: García Lorca, Federico, 1898-1936
Format: Book
Language:English
Published: Toronto ; New York : Bantam Books, [1987]

MARC

Tag First Indicator Second Indicator Subfields
LEADER 00000cam a2200000 a 4500
001 in00000008434
005 20151003060013.0
008 870409s1987 onc 00010 eng
010 |a  87047559  
020 |a 055334434X (pbk.) 
035 |a (OCoLC)15589379 
035 |9 AAA0823AM 
040 |a DLC  |c DLC  |d TXA  |d UtOrBLW 
041 1 |a eng  |h spa 
050 0 0 |a PQ6613.A763  |b A226 1987 
082 0 |a 862/.62  |2 19 
100 1 |a García Lorca, Federico,  |d 1898-1936. 
240 1 0 |a Plays.  |k Selections.  |l English 
245 1 4 |a The rural trilogy :  |b Blood wedding, Yerma, and The House of Bernarda Alba /  |c Federico Garcia Lorca ; a new English translation by Michael Dewell and Carmen Zapata ; introduction by Douglas Day. 
264 1 |a Toronto ;  |a New York :  |b Bantam Books,  |c [1987] 
264 4 |c ©1987 
300 |a xvi, 190 pages ;  |c 21 cm. 
336 |a text  |b txt  |2 rdacontent 
337 |a unmediated  |b n  |2 rdamedia 
338 |a volume  |b nc  |2 rdacarrier 
500 |a "A Bantam book." 
500 |a "September 1987." 
999 |a MARS 
999 f f |s 9a91ae62-60a0-32ea-95c9-5fd3f65ad6e4  |i da36fe1f-8b44-319f-b85d-866fd9338664  |t 0 
952 f f |p normal  |a Texas A&M University  |b College Station  |c Sterling C. Evans Library  |d Evans: Library Stacks  |t 0  |e PQ6613.A763 A226 1987  |h Library of Congress classification  |i unmediated -- volume  |m A14812562405 
998 f f |a PQ6613.A763 A226 1987  |t 0  |l Evans: Library Stacks